LIBRARY & INFORMATION CENTRE, KCAET, TAVANUR

ONLINE PUBLIC ACCESS CATALOGUE (OPAC)

Biotechnology: A Comprehensive treatise in 8 volumes, Vol 1 / (Record no. 10098)

MARC details
000 -LEADER
fixed length control field 00522cam a2200205ua 4500
020 ## - INTERNATIONAL STANDARD BOOK NUMBER
ISBN 3-527-25763-2
041 ## - LANGUAGE CODE
Language code of text/sound track or separate title eng
082 ## - DEWEY DECIMAL CLASSIFICATION NUMBER
Classification number 621.489
Item number REH/BI
100 ## - MAIN ENTRY--AUTHOR NAME
Personal name Rehm , H J .
245 ## - TITLE STATEMENT
Title Biotechnology: A Comprehensive treatise in 8 volumes, Vol 1 /
250 ## - EDITION STATEMENT
Edition statement 1 /
260 ## - PUBLICATION, DISTRIBUTION, ETC. (IMPRINT)
Place of publication Weinheim :
Name of publisher Verlag Chemie ,
Year of publication 1981.
300 ## - PHYSICAL DESCRIPTION
Number of Pages 520 ; .
500 ## - GENERAL NOTE
General note ** Reference
700 1# - ADDED ENTRY--PERSONAL NAME
Personal name Reed, G .
942 ## - ADDED ENTRY ELEMENTS (KOHA)
Koha item type Books
Holdings
Withdrawn status Lost status Damaged status Home library Current library Date acquired Full call number Accession Number Koha item type
      KAUAET KAUAET 07/04/2012 621.489 16206 Reference
free website counter